भारतीय कहावत संग्रह (Record no. 116260)

MARC details
000 -LEADER
fixed length control field 00874nam a2200253Ia 4500
003 - CONTROL NUMBER IDENTIFIER
control field OSt
005 - DATE AND TIME OF LATEST TRANSACTION
control field 20220918111008.0
008 - FIXED-LENGTH DATA ELEMENTS--GENERAL INFORMATION
fixed length control field 220915b |||||||| |||| 00| 0 hin d
037 ## - SOURCE OF ACQUISITION
Terms of availability Reference Collections
040 ## - CATALOGING SOURCE
Original cataloging agency ARTS
Transcribing agency ARTS
Language of cataloging hin
041 ## - LANGUAGE CODE
Source of code hin
Language code of text/sound track or separate title hin
100 ## - MAIN ENTRY--PERSONAL NAME
Personal name नरवणे, विश्वनाथ दिनकर
245 #0 - TITLE STATEMENT
Title भारतीय कहावत संग्रह
246 ## - VARYING FORM OF TITLE
Title proper/short title Bhāratīya kahāvat sangraha
260 ## - PUBLICATION, DISTRIBUTION, ETC.
Place of publication, distribution, etc. पुणे
Name of publisher, distributor, etc. त्रिवेणी संगम
Date of publication, distribution, etc. 1979
300 ## - PHYSICAL DESCRIPTION
Extent 792पृ0
490 ## - SERIES STATEMENT
Volume/sequential designation भाग 2
942 ## - ADDED ENTRY ELEMENTS (KOHA)
Classification part P44,4:4k, 152L9.2 (RR)
Koha item type Reference
Holdings
Withdrawn status Lost status Damaged status Not for loan Home library Current library Date acquired Serial Enumeration / chronology Total Checkouts Full call number Barcode Date last seen Price effective from Koha item type
        Arts Library Arts Library 2022-09-18 भाग 2   P44,4:4k 152L9.2 (RR) AL0779865 2022-09-18 2022-09-18 Reference
Copyright @ Delhi University Library System